Top 25 Lil Uzi Vert Songs - Statistics

General Stats
  • This quiz has been taken 158 times
  • The average score is 10 of 25
Answer Stats
Hint Album Rating Answer % Correct
1 LUV is Rage 2 (Deluxe) 96 20 Min
84%
4 Lil Uzi Vert vs. The World 87 Money Longer
64%
3 LUV is Rage 2 87 The Way Life Goes
63%
5 Lil Uzi Vert vs. The World 2 86 Myron
59%
12 Eternal Atake 83 Baby Pluto
54%
7 The Perfect LUV Tape 86 Erase Your Social
53%
2 LUV is Rage 2 94 XO Tour Llif3
50%
15 Pink Tape 82 Flooded the Face
48%
9 LUV is Rage 2 84 Neon Guts
47%
17 LUV is Rage 81 7AM
41%
24 Eternal Atake 79 Lo Mein
39%
10 Lil Uzi Vert vs. The World 84 Ps and Qs
39%
6 The Perfect LUV Tape 86 Do What I Want
38%
19 LUV is Rage 2 81 Sauce it Up
37%
22 Eternal Atake 79 Venetia
32%
21 Lil Uzi Vert vs. The World 80 You Was Right
30%
13 Eternal Atake 82 Futsal Shuffle 2020
27%
8 Lil Uzi Vert vs. The World 2 85 Yessirski
26%
18 Lil Uzi Vert vs. The World 81 Canadian Goose
23%
14 Eternal Atake 82 Prices
23%
25 The Perfect LUV Tape 79 Of Course We Ghetto Flowers
21%
16 Lil Uzi Vert vs. The World 2 81 Strawberry Peels
21%
11 Lil Uzi Vert vs. The World 2 84 Bean (Kobe)
20%
20 LUV is Rage 80 Paradise
18%
23 Pink Tape 79 Nakamura
11%
No matching quizzes found
Score Distribution
Percent of People with Each Score
Percentile by Number Answered
Your Score History
You have not taken this quiz